00456 2200169 4500001002100000005001500021035002000036007000300056008004100059082000800100084001800108100001700126245007900143260003100222300001700253990001600270INLIS00000000000157420220211085612 a0010-0222000044ta220211 g 0 ind  a574 a574 IRN b c.10 aIrnaningtyas1 aBiologi untuk SMA/MA Kelas XII Kelompok Peminatan Matematika dan Ilmu Alam aJakarta :bErlangga,c2015 a380 ;c25 cm a2021/p/1868